00318 a2200109 4500001001000000005001700010008004100027245004900068100001800117773005600135999001700191ART_4524420260410161756.0260409a 10aTratamiento de la renta de fuente extranjera1 aVolman, Mario0 tDoctrina tributariag- NÂș 453 (dic. 2017)wREV4296 c20140d20140